Estatísticas para Países por duas primeiras letras em 90 segundos

Clique aqui para jogar o quiz

Estatísticas Gerais

  • Esse quiz foi jogado 89 526 vezes
  • A pontuação média é 98 de 196

Respostas no mapa

Respostas codificadas por cores de uma escala verde-vermelha no mapa do quiz de acordo com a % correta abaixo.
Carregando ...
 

Estatísticas das Respostas

país% Correto
Brasil
96%
Brunei
96%
Estados Federados da
Micronésia
95%
Estônia
93%
Estados Unidos
93%
Espanha
93%
Eslovénia
93%
Eslováquia
93%
Cabo Verde
92%
Camarões
92%
Canadá
92%
Catar
92%
Cazaquistão
92%
Camboja
92%
Chile
89%
Chade
89%
Chipre
89%
República Democrática
do Congo
89%
China
89%
República do Congo
88%
Armênia
87%
Argentina
87%
Argélia
87%
Arábia Saudita
87%
Rússia
85%
Ruanda
85%
México
82%
Coréia do Norte
81%
Comores
81%
Costa Rica
80%
Colômbia
80%
Côte d'Ivoire
80%
Coréia do Sul
80%
Países Baixos
78%
Austrália
77%
Palau
77%
Panamá
77%
Papua Nova Guiné
77%
Paquistão
77%
Paraguai
77%
Áustria
77%
Portugal
72%
Polônia
72%
Maldivas
71%
Mauritânia
70%
Maurícia
70%
Marrocos
70%
Suíça
70%
Suécia
70%
Suazilândia
70%
Malta
70%
Mali
70%
Madagáscar
70%
Suriname
70%
Malawi
70%
Macedónia do Norte
70%
Malásia
70%
Sudão
70%
Sudão do Sul
70%
Botswana
69%
Bósnia e Herzegovina
69%
Bolívia
69%
França
68%
Indonésia
66%
Índia
66%
Peru
64%
África do Sul
63%
Afeganistão
63%
República
Centro-Africana
63%
Nova Zelândia
62%
Noruega
62%
Tcheca
61%
Albânia
61%
Alemanha
61%
República Dominicana
61%
Reino Unido
61%
Uruguai
59%
Jamaica
59%
Japão
59%
Moldávia
58%
Montenegro
58%
Mongólia
58%
Mônaco
58%
Moçambique
58%
Guiné Equatorial
57%
Venezuela
56%
Guiné-Bissau
56%
Guiné
56%
Guiana
56%
Guatemala
56%
Iraque
54%
Irlanda
54%
Irão
54%
Dinamarca
53%
Fiji
53%
Filipinas
53%
Finlândia
53%
Itália
50%
Equador
49%
Liechtenstein
47%
Lituânia
47%
Líbano
47%
Libéria
47%
Líbia
47%
Benim
45%
Belize
45%
Bélgica
45%
Islândia
44%
Israel
44%
Nigéria
43%
Cuba
43%
Tuvalu
43%
Nicarágua
43%
Tunísia
43%
Turquemenistão
43%
Turquia
43%
Níger
43%
Egito
41%
Barbados
40%
Bangladesh
40%
Bahrein
40%
Bahamas
40%
Antígua e Barbuda
39%
Angola
39%
Andorra
39%
El Salvador
38%
Tanzânia
37%
Tajiquistão
37%
Taiwan
37%
Tailândia
37%
Butão
33%
Bulgária
33%
Burkina Faso
33%
Burundi
33%
Honduras
33%
Bielorrússia
32%
Nauru
31%
Namíbia
31%
Grécia
30%
Granada
30%
Lesoto
29%
Letónia
29%
Somália
28%
São Vicente e
Granadinas
28%
São Cristóvão
e Nevis
28%
Seychelles
27%
Sérvia
27%
Serra Leoa
27%
Senegal
27%
Ucrânia
25%
São Tomé e Príncipe
24%
Laos
24%
Samoa
24%
San Marino
24%
Santa Lúcia
24%
Gana
23%
Gabão
23%
Gâmbia
23%
Haiti
23%
Nepal
22%
Romênia
22%
Síria
21%
Etiópia
21%
Singapura
21%
Vietname
20%
Omã
20%
Quirguistão
19%
Vaticano
19%
Quênia
19%
Iémen
18%
Vanuatu
18%
Togo
16%
Zâmbia
16%
Tonga
16%
Luxemburgo
15%
Croácia
15%
Eritreia
15%
Zimbábue
14%
Ilhas Marshall
14%
Dominica
14%
Hungria
14%
Emirados Árabes
Unidos
13%
Geórgia
13%
Timor-Leste
12%
Uzbequistão
12%
Azerbaijão
11%
Jordânia
11%
Ilhas Salomão
11%
Djibouti
10%
Kiribati
10%
Sri Lanka
10%
Uganda
9%
Kosovo
9%
Trinidad e Tobago
9%
Myanmar
8%
Kuweit
8%

Distribuição das Pontuações

Percentil de Números Respondidos

Porcentagem de Pessoas com Cada Pontuação

Sua Pontuação Histórica

Você não jogou esse quiz